00678cam a2200217 a 450000100090000000300040000900500170001300800410003001000170007102000200008802000230010804000180013105000200014908200190016910000190018824501070020726000440031430000210035850400550037965000260043411792704OSt20210215163947.0990921s1999 cau b 000 0 eng  a 99049020  a0830718559 (hc) a0830718605 (trade) aDLCcDLCdDLC00aBV652.1b.B259H00a253221bB259H1 aBarna, George.14aThe habits of highly effective churches :bbeing strategic in your God-given ministry /cGeorge Barna. aVentura, Calif. :bRegal Books,cc1999. a194 p. ;c23 cm. aIncludes bibliographical references (p. [189]-191. 0aChristian leadership.